000 00797nam a22003135i 4500
001 17861003
003 NUST
005 20220318111730.0
008 130822s2013 ohu 000 0 eng
010 _a 2013948647
020 _a9781133943891
038 _aSAIF
040 _aDLC
_beng
_erda
_cDLC
042 _apcc
082 _2624.171
_a23
_bKAS
100 1 _aKassimali, Aslam.
245 1 0 _aStructural analysis /
_cAslam Kassimali.
250 _a5th Ed.
263 _a1312
264 1 _aMason, OH :
_bCengage Learning,
_c2013.
300 _apages cm
336 _atext
_2rdacontent
337 _aunmediated
_2rdamedia
338 _avolume
_2rdacarrier
563 _aH.B
906 _a0
_bibc
_corignew
_d2
_eepcn
_f20
_gy-gencatlg
942 _2ddc
_cBK
999 _c588848
_d588848